000 00974cam a22002531i 4500
003 SA-RiAUC
005 20241220151111.0
008 241218s2006 su g 00010 ara c
040 _aSA-MdTU
_bara
_cSA-RiAUC
_erda
082 0 4 _a272.6
_qSA-RiAUC
090 _a272.6
_bط ع ي
100 1 _aطعيمة، صابر عبد الرحمن،
_d1937-
_eمؤلف.
245 1 0 _aقراءة في الكتاب المقدس :
_bتأملات فى كتب الأناجيل /
_cبقلم صابر طعيمة.
250 _aالطبعة الأولى.
264 1 _aالمدينة المنورة :
_bمكتبة دار الزمان،
_c2006
300 _a896 صفحة ؛
_c24 سم
336 _aنص
_btxt
_2rdacontent
_3كتاب
337 _aبدون وسيط
_bn
_2rdamedia
338 _aمجلد
_bnc
_2rdacarrier
630 2 7 _aالكتاب المقدس
_xتفاسير
_2aucut
730 2 2 _aالكتاب المقدس
942 _2ddc
_cBOOK
_n0
949 _aSA-JeALM
_d241218
_umohamedma123
_n1
999 _c3680
_d3680